Allies of Hamas - Statistics

General Stats
  • This quiz has been taken 201 times
  • The average score is 4 of 6
Answer Stats
Country % Correct
Iran
99%
Syria
86%
Qatar
65%
Egypt
58%
Turkey
51%
Sudan
28%
No matching quizzes found
Score Distribution
Percent of People with Each Score
Percentile by Number Answered
Your Score History
You have not taken this quiz